Stolní tenis /

Main Author: Pražák, Miroslav
Language: Czech
Published: Praha : Státní tělovýchovné nakladatelství, 1955
Edition: 1. vyd.
Physical Description: 52 s., příl. ; 8°
Book
Saved in:
LEADER 00962nam a22002652a 4500
001 000781466
003 CZ BrMZK
005 20150616114130.0
007 ta
008 050701s1955 xr f er|||||||||||cze d
015 |a cnb000720201 
035 |a (OCoLC)85446121 
040 |a ABA001  |b cze  |c OLA001  |d ABA001  |d BOA001 
100 1 |a Pražák, Miroslav  |7 mzk2012710878  |4 aut 
245 1 0 |a Stolní tenis /  |c Miroslav Pražák 
250 |a 1. vyd. 
260 |a Praha :  |b Státní tělovýchovné nakladatelství,  |c 1955 
300 |a 52 s., příl. ;  |c 8° 
500 |a 5300 výt. 
910 |a BOA001  |b 2-0349.469  |b PK-0011.916 
990 |a BK 
991 |b 201411 
996 7 |b 2619188593  |c 2-0349.469  |l MZK  |r Sklad / do 24 hodin  |n 0  |w 000781466  |u 000030  |a 1  |e BOA001  |j MZK50  |s A 
996 6 |b 2619188594  |c 2-0349.469  |l MZK  |r Sklad / do 24 hodin  |n 0  |w 000781466  |u 000020  |a 1  |e BOA001  |j MZK50  |s P 
996 7 |b 3119693738  |c PK-0011.916  |l MZK  |r Sklad / do 1 hodiny  |n 2  |w 000781466  |u 000010  |a 1  |e BOA001  |j MZK50  |s A